000 00691nam a2200241Ia 4500
003 OSt
005 20220925181807.0
006 a|||||r|||| 00| 0
007 ta
008 220923b |||||||| |||| 00| 0 eng d
037 _cGeneral Book
040 _aRTL
_cRTL
_beng
041 _2eng
_aeng
082 _aY:45, K9
100 _aRushing William A Ed.
245 0 _aDeviant behaviour and social process
260 _aChicago
_bRand McNally
_c1969
300 _avii, 427p
_ccm.
490 _aRand McNally sociology series. Ed by E F Borgatta
650 _aSocial Crime
_9233199
942 _hY:45, K9
_cGB
_2CC
999 _c500327
_d500327